Statistics for Gossip Girl and Riverdale Quiz

Click here to take the quiz!

General Stats

  • This quiz has been taken 284 times
  • The average score is 7 of 11

Answer Stats

HintAnswer% Correct
A real queen and the lover of Chuck BassBlair Waldorf
80%
The perfect girl next doorBetty Cooper
79%
Latina Blair WaldorfVeronica Lodge
75%
Hottest Man AliveChuck Bass
73%
Wannabe Shawn MendesArchie Andrews
72%
New York's very own barbie doll(Jk jk i love her)Serena Vanderwoodsen
64%
reminds me of a puppy but has really nice blue eyes and a corrupt dadNate Archibald
61%
OMG JASON USED TO DO THATCheryl Blossom
58%
Gossip Girl *rolls eyes*Dan Humphrey
57%
Annoying GothJenny Humphrey
57%
Queen of the pussycatsJosie Mccoy
49%

Score Distribution

Percentile by Number Answered

Percent of People with Each Score

Your Score History

You have not taken this quiz